005510000a2200157000450024501210000065000290012165000180015065000190016865000120018765100110019965300530021065300530026304100130031610000170032977300470034610aEcology of the flowers of the savanna tree Maranthes polyandra and their visitors. With particular reference to bats14aRelación planta-animal14aMurciélagos14aPolinización14aSabanas 4pGuinea fChrisobalanaceaegMarantheseMaranthes polyandra fPteropinaegNanonycteriseNanonycteris veldkampi0 aInglés1 aLack, Andrew1 tJournal of Ecology3249q287-295d1978g66